[Event "FRA-ch Blitz Online Qual"]
[Site "Europe Echecs INT"]
[Date "2020.05.16"]
[Round "9"]
[White "Erudel, Maeva"]
[Black "Gazado, Quentin"]
[Result "0-1"]
[WhiteElo "1002"]
[BlackElo "1013"]
[PlyCount "90"]
[EventDate "2020.05.16"]
[EventType "swiss (blitz)"]
[EventRounds "15"]
[EventCountry "FRA"]
[SourceTitle "CBM 196 Extra"]
[Source "ChessBase"]
[SourceDate "2020.07.31"]
[SourceVersion "1"]
[SourceVersionDate "2020.07.31"]
[SourceQuality "1"]

1. d4 d5 2. e3 e6 3. Bd3 Nf6 4. Nd2 c5 5. c3 c4 6. Bc2 Nbd7 7. f4 g6 8. Ngf3 Bg7 9. 0-0 0-0 10. Ne5 Nxe5 11. fxe5 Nd7 12. b3 b5 13. Qf3 Bb7 14. Ba3 Re8 15. Qxf7+ Kh8 16. Qf3 a5 17. g3 Bf8 18. Bxf8 Rxf8 19. Qg2 Qg5 20. Qe2 Rxf1+ 21. Rxf1 Kg8 22. h4 Qxg3+ 23. Kh1 Qxh4+ 24. Kg1 Qg3+ 25. Kh1 h5 26. Rg1 Qh3+ 27. Qh2 Qxh2+ 28. Kxh2 Nf8 29. Bxg6 Nxg6 30. Rxg6+ Kf7 31. Rh6 cxb3 32. axb3 a4 33. bxa4 Bc6 34. Rxh5 bxa4 35. Nb1 a3 36. Rh7+ Kg6 37. Rc7 a2 38. Rxc6 axb1Q 39. Rxe6+ Kf5 40. Rf6+ Ke4 41. Rf4+ Kxe3 42. Rg4 Ra2+ 43. Kh3 Qh7+ 44. Rh4 Qf5+ 45. Kg3 Qf3# 0-1

[Event "FRA-ch Blitz Online Qual"]
[Site "Europe Echecs INT"]
[Date "2020.05.16"]
[Round "15"]
[White "Ogier, Arnaud"]
[Black "Gazado, Quentin"]
[Result "1-0"]
[WhiteElo "1569"]
[BlackElo "1013"]
[PlyCount "81"]
[EventDate "2020.05.16"]
[EventType "swiss (blitz)"]
[EventRounds "15"]
[EventCountry "FRA"]
[SourceTitle "CBM 196 Extra"]
[Source "ChessBase"]
[SourceDate "2020.07.31"]
[SourceVersion "1"]
[SourceVersionDate "2020.07.31"]
[SourceQuality "1"]

1. e4 e5 2. Nf3 Nc6 3. d4 exd4 4. Bc4 Bc5 5. c3 dxc3 6. Bxf7+ Kxf7 7. Qd5+ Ke8 8. Qxc5 cxb2 9. Bxb2 d6 10. Qc1 Nf6 11. 0-0 Bg4 12. Nd4 Nxd4 13. Bxd4 Qe7 14. Nc3 Nxe4 15. Nxe4 Qxe4 16. Re1 Be2 17. Qd2 Kd7 18. Rxe2 Qd5 19. Rae1 Rhg8 20. Re7+ Kc6 21. Rc1+ Kb5 22. a3 b6 23. Qb4+ Ka6 24. Rcxc7 Rge8 25. Qa4+ Qa5 26. Qc4+ Qb5 27. Qxb5+ Kxb5 28. Kf1 Rxe7 29. Rxe7 g5 30. Rxh7 Rc8 31. Rg7 Rc4 32. Be3 Rc3 33. Rxg5+ Kc6 34. h4 Rxa3 35. h5 Ra1+ 36. Ke2 Ra2+ 37. Kf3 a5 38. h6 Rc2 39. h7 a4 40. h8Q a3 41. Qc8# 1-0